Answers Contain "Real" - Statistics

General Stats
  • This quiz has been taken 189 times
    129 since last reset
  • The average score is 7 of 14
Answer Stats
Hint Answer % Correct
Adverb that can mean "truly" or "very" really
94%
For example: Survivor, Big Brother, American Idol reality show
91%
Property consisting of land and the buildings on it real estate
87%
The second highest-earning soccer club in the world Real Madrid
84%
International TV franchise documenting the lives of affluent married women The Real Housewives
81%
Not a pseudonym real name
73%
Eminem's 2000 lead single to The Marshall Mathers LP The Real Slim Shady
50%
Idiom meaning "the genuine article" (with Scots origin?) real {McCoy}
35%
Animated TV series (1986-1991) featuring Egon, Ray, Peter, and Winston The Real Ghostbusters
32%
MTV: "This is the true story of seven strangers picked to live in a house and have their lives taped" The Real World
32%
2011 movie about boxing robots Real {Steel}
26%
Song the Beatles released in 1996, along with "Free as a Bird" Real {Love}
22%
1985 comedy starring a very smart Val Kilmer and a house full of popcorn Real {Genius}
17%
Streaming file format with extension .ra, used most from 1995 to 2009 RealAudio
16%
No matching quizzes found
Score Distribution
Percent of People with Each Score
Percentile by Number Answered
Your Score History
You have not taken this quiz since the last reset